| 000 | 00903nam a2200289 i 4500 | ||
|---|---|---|---|
| 001 | 29261 | ||
| 003 | BD-RjUL | ||
| 005 | 20211209051406.0 | ||
| 008 | 140403s1979 ilua b 001 0 eng | ||
| 020 | _a0256021988 | ||
| 035 | _a(BD-RjUL)29346 | ||
| 040 |
_aDLC _cDLC _dDLC _dBD-RjUL _beng |
||
| 041 | _aeng | ||
| 082 | 0 | 0 |
_a155 _bNED 1979 |
| 100 | 1 |
_aNewman, Barbara M. _989311 |
|
| 245 | 1 | 0 |
_aDevelopment through life : _ba psychosocial approach / _cBarbara M. Newman, Philip R. Newman. |
| 250 | _aRev. ed. | ||
| 260 |
_aHomewood, Ill. : _bDorsey Press, _cc1979. |
||
| 300 |
_axiii, 539 p. : _bill. ; _c24 cm. |
||
| 490 | 0 | _aThe Dorsey series in psychology | |
| 504 | _aIncludes bibliographies and indexes. | ||
| 650 | 0 |
_aDevelopmental psychology _vTextbooks. _94264 |
|
| 700 | 1 |
_aNewman, Philip R., _ejoint author. _989312 |
|
| 942 |
_2ddc _cBK |
||
| 999 |
_c29261 _d29261 |
||